[Event "Open Citta' degli Scacchi A"]
[Site "Corsico ITA"]
[Date "2010.03.14"]
[Round "4"]
[White "Stella, Luca"]
[Black "D'Apa, Matteo"]
[Result "1-0"]
[WhiteElo "2034"]
[BlackElo "2096"]
[PlyCount "61"]
[EventDate "2010.03.12"]

1. e4 e5 2. Bc4 Bc5 3. Nc3 Nf6 4. d3 h6 5. f4 d6 6. Nf3 Ng4 7. Qe2 Nc6 8. Nd1
O-O 9. f5 Bxf5 10. exf5 d5 11. Bb3 e4 12. dxe4 dxe4 13. Ng1 Nge5 14. Be3 Nd4
15. Bxd4 Bxd4 16. Nc3 Qh4+ 17. g3 Bxc3+ 18. bxc3 Qg5 19. Bd5 Nf3+ 20. Nxf3 exf3
21. Qxf3 Rae8+ 22. Kf2 Qd2+ 23. Kg1 Re3 24. Qf2 Qxc3 25. Kg2 Rfe8 26. Bf3 Qe5
27. g4 Qc3 28. Rhf1 b5 29. Rab1 b4 30. Rb3 Qc5 31. Re1 1-0

[Event "Open Citta' degli Scacchi A"]
[Site "Corsico ITA"]
[Date "2010.03.14"]
[Round "4"]
[White "Vuelban, Virgilio"]
[Black "Sanchez, Joseph"]
[Result "1/2-1/2"]
[WhiteElo "2346"]
[BlackElo "2493"]
[PlyCount "21"]
[EventDate "2010.03.12"]

1. d4 Nf6 2. c4 g6 3. Nc3 d5 4. cxd5 Nxd5 5. e4 Nxc3 6. bxc3 Bg7 7. Bc4 O-O 8.
Ne2 c5 9. O-O Nc6 10. Be3 cxd4 11. cxd4 1/2-1/2

[Event "Open Citta' degli Scacchi A"]
[Site "Corsico ITA"]
[Date "2010.03.14"]
[Round "5"]
[White "Astengo, Marcello"]
[Black "Naumkin, Igor"]
[Result "1/2-1/2"]
[WhiteElo "2104"]
[BlackElo "2496"]
[PlyCount "32"]
[EventDate "2010.03.12"]

1. d4 Nf6 2. c4 e6 3. Nf3 b6 4. Bg5 Bb7 5. e3 h6 6. Bxf6 Qxf6 7. Be2 g6 8. Nc3
Bg7 9. O-O O-O 10. Rc1 d6 11. b4 Nd7 12. c5 dxc5 13. Nb5 a6 14. dxc5 Rad8 15.
c6 Bxc6 16. Nbd4 Ba8 1/2-1/2

[Event "Open Citta' degli Scacchi A"]
[Site "Corsico ITA"]
[Date "2010.03.14"]
[Round "5"]
[White "Bemporad, Filippo"]
[Black "Damia, Angelo"]
[Result "1/2-1/2"]
[WhiteElo "2057"]
[BlackElo "2284"]
[PlyCount "52"]
[EventDate "2010.03.12"]

1. d4 d6 2. Nf3 Nd7 3. c4 e5 4. e4 Ne7 5. Nc3 exd4 6. Nxd4 Nc6 7. Be3 Be7 8.
Be2 Nxd4 9. Bxd4 Bf6 10. O-O O-O 11. Bg4 Ne5 12. Bxc8 Rxc8 13. Nd5 Nd7 14.
Nxf6+ Nxf6 15. f3 a5 16. Qd2 b6 17. Qc3 Re8 18. Bxf6 Qxf6 19. Qxf6 gxf6 20. g4
Kg7 21. Kg2 Re5 22. Rad1 Rce8 23. b3 R8e7 24. Rd5 Kf8 25. Rfd1 Kg7 26. Kg3 Kg6
1/2-1/2

[Event "Open Citta' degli Scacchi A"]
[Site "Corsico ITA"]
[Date "2010.03.14"]
[Round "5"]
[White "Castrogiovanni, Carlo"]
[Black "D'Apa, Matteo"]
[Result "1-0"]
[WhiteElo "1999"]
[BlackElo "2096"]
[PlyCount "34"]
[EventDate "2010.03.12"]

1. d4 d5 2. c4 c6 3. Nf3 Nf6 4. Nc3 e6 5. Bg5 Be7 6. e3 Nbd7 7. Qc2 h6 8. Bh4
b6 9. cxd5 exd5 10. Bd3 Bb7 11. O-O O-O 12. Rfc1 Rc8 13. Bf5 Rc7 14. Nb5 Rc8
15. Nxa7 Ra8 16. Nxc6 Bxc6 17. Qxc6 Nb8 1-0

[Event "Open Citta' degli Scacchi A"]
[Site "Corsico ITA"]
[Date "2010.03.14"]
[Round "5"]
[White "Gori, Andrea"]
[Black "Salvador, Roland"]
[Result "0-1"]
[WhiteElo "2119"]
[BlackElo "2483"]
[PlyCount "86"]
[EventDate "2010.03.12"]

1. e4 c5 2. Nf3 Nc6 3. d4 cxd4 4. Nxd4 e6 5. Nxc6 bxc6 6. Bd3 Bc5 7. O-O Ne7 8.
Qe2 Ng6 9. Be3 Bxe3 10. Qxe3 e5 11. Qc5 Qc7 12. Rd1 d6 13. Qa3 O-O 14. Bf1 d5
15. exd5 cxd5 16. Rxd5 Qxc2 17. Nc3 Be6 18. Rc5 Rad8 19. Nb5 Qf5 20. Qe3 Rd7
21. Rc7 Rfd8 22. Rxd7 Rxd7 23. Rc1 h5 24. Nxa7 Bxa2 25. b4 Nf4 26. Nc8 Kh7 27.
b5 Rd4 28. Qa3 Be6 29. Na7 Qg5 30. Kh1 Bd5 31. Qg3 Qh6 32. Re1 h4 33. Qe3 h3
34. f3 hxg2+ 35. Bxg2 Qg5 36. Qf2 Nd3 37. Qe3 Nf4 38. Qf2 Qh5 39. Nc6 Nxg2 40.
Kxg2 Rd2 41. Qxd2 Qxf3+ 42. Kg1 Qh1+ 43. Kf2 Qg2+ 0-1

[Event "Open Citta' degli Scacchi A"]
[Site "Corsico ITA"]
[Date "2010.03.14"]
[Round "5"]
[White "Magrini, Fabrizio"]
[Black "Stella, Luca"]
[Result "1-0"]
[WhiteElo "2130"]
[BlackElo "2034"]
[PlyCount "83"]
[EventDate "2010.03.12"]

1. e4 c5 2. Nf3 d6 3. d4 cxd4 4. Qxd4 a6 5. c4 Nc6 6. Qd2 Nf6 7. Nc3 g6 8. b3
Bg7 9. Bb2 O-O 10. Be2 h6 11. O-O Be6 12. Rfd1 Nd7 13. Rac1 Rb8 14. Nh4 g5 15.
Nf5 Bxf5 16. exf5 Nd4 17. Bd3 Ne5 18. Be4 e6 19. fxe6 fxe6 20. Qxd4 Nf3+ 21.
Bxf3 Bxd4 22. Rxd4 Rf4 23. Rxf4 gxf4 24. Re1 Qd7 25. Rxe6 Re8 26. Rxe8+ Qxe8
27. Bd5+ Kf8 28. Ne4 Qd8 29. Ba3 Qa5 30. Bxd6+ Kg7 31. h3 Qxa2 32. Bxb7 Qxb3
33. Bd5 f3 34. Be5+ Kf8 35. Nc3 fxg2 36. Kxg2 Qb6 37. f4 a5 38. Ne4 Qb3 39.
Bd6+ Kg7 40. f5 Qc2+ 41. Kg3 Qd3+ 42. Kh4 1-0

[Event "Open Citta' degli Scacchi A"]
[Site "Corsico ITA"]
[Date "2010.03.14"]
[Round "5"]
[White "Quaranta, Cristiano"]
[Black "Bellia, Fabrizio"]
[Result "1/2-1/2"]
[WhiteElo "2162"]
[BlackElo "2412"]
[PlyCount "117"]
[EventDate "2010.03.12"]

1. d4 c5 2. d5 Nf6 3. c4 d6 4. Nc3 g6 5. g3 Bg7 6. Bg2 O-O 7. Nf3 a6 8. O-O e6
9. a4 e5 10. h3 Ne8 11. e4 Nd7 12. Ne1 f5 13. Nd3 Ndf6 14. Kh2 Nxe4 15. Nxe4
fxe4 16. Bxe4 Bf5 17. f3 b5 18. b3 Bxe4 19. fxe4 Rxf1 20. Qxf1 bxc4 21. bxc4
Rb8 22. Qd1 Qb6 23. Kg2 Nf6 24. Nf2 Qb3 25. Qxb3 Rxb3 26. Bg5 Nh5 27. Nh1 Bf6
28. Bh6 Rb4 29. Nf2 Rxc4 30. Rb1 Rb4 31. Rxb4 cxb4 32. Nd3 a5 33. Kf3 Kf7 34.
Nc1 Bd8 35. Nb3 Bc7 36. Be3 Nf6 37. Bf2 Nd7 38. Ke2 Bb6 39. Be1 Nc5 40. Nxc5
Bxc5 41. Kd3 Kf6 42. Kc4 Kg5 43. Kd3 Bg1 44. Kc4 Be3 45. Kd3 Bc5 46. Kc4 Kh5
47. Kd3 Kg5 48. Kc4 Kf6 49. Kd3 Ke7 50. Kc4 Kd7 51. Kd3 Kc7 52. Kc4 Kb6 53. g4
Be3 54. Bh4 g5 55. Be1 h6 56. Bg3 Kc7 57. Be1 Kd7 58. Bg3 Ke7 59. Be1 1/2-1/2

[Event "Open Citta' degli Scacchi A"]
[Site "Corsico ITA"]
[Date "2010.03.14"]
[Round "5"]
[White "Salmoiraghi, Angelo"]
[Black "Cazzaniga, Walter"]
[Result "1/2-1/2"]
[WhiteElo "2171"]
[BlackElo "2110"]
[PlyCount "43"]
[EventDate "2010.03.12"]

1. e4 e6 2. d4 d5 3. Nc3 Bb4 4. e5 c5 5. Bd2 Ne7 6. f4 cxd4 7. Nb5 Bxd2+ 8.
Qxd2 O-O 9. Nf3 Nbc6 10. Bd3 f6 11. O-O Bd7 12. Nbxd4 fxe5 13. Nxc6 Bxc6 14.
fxe5 h6 15. c3 Qb6+ 16. Kh1 Bb5 17. Bxb5 Qxb5 18. Rfe1 Rf7 19. Nd4 Qb6 20. Rf1
Raf8 21. Rxf7 Rxf7 22. g3 1/2-1/2

[Event "Open Citta' degli Scacchi A"]
[Site "Corsico ITA"]
[Date "2010.03.14"]
[Round "5"]
[White "Sanchez, Joseph"]
[Black "Colovic, Aleksandar"]
[Result "1-0"]
[WhiteElo "2493"]
[BlackElo "2464"]
[PlyCount "99"]
[EventDate "2010.03.12"]

1. e4 c5 2. Nf3 d6 3. d4 cxd4 4. Qxd4 Nc6 5. Bb5 Bd7 6. Bxc6 Bxc6 7. Nc3 Nf6 8.
Bg5 e6 9. O-O-O Be7 10. Qd3 Qa5 11. h4 Qa6 12. Qxa6 bxa6 13. Nd4 Bd7 14. f3 h6
15. Be3 O-O 16. g4 Rfc8 17. g5 Nh5 18. gxh6 g6 19. f4 Rc4 20. Rhg1 Kh7 21. Nf3
Kxh6 22. Ne5 dxe5 23. Rxd7 exf4 24. Rxe7 fxe3 25. Rxf7 e2 26. Rf2 Ng3 27. Nxe2
Nxe4 28. Rfg2 Rg8 29. Nf4 Nc5 30. Rxg6+ Rxg6 31. Rxg6+ Kh7 32. Rg5 Nb3+ 33.
axb3 Rxf4 34. Ra5 Rf7 35. Rxa6 Re7 36. Kd2 Kg6 37. Ke3 Kf5 38. Ra1 Rc7 39. c3
Rg7 40. Rf1+ Ke5 41. Rh1 Rg3+ 42. Kf2 Kf4 43. h5 Rd3 44. Ke2 Rd7 45. h6 Rh7 46.
c4 a5 47. c5 Ke5 48. Rh5+ Kf6 49. c6 Kg6 50. Rh1 1-0

[Event "Open Citta' degli Scacchi A"]
[Site "Corsico ITA"]
[Date "2010.03.14"]
[Round "5"]
[White "Stella, Andrea"]
[Black "Vuelban, Virgilio"]
[Result "1/2-1/2"]
[WhiteElo "2283"]
[BlackElo "2346"]
[PlyCount "49"]
[EventDate "2010.03.12"]

1. d4 Nf6 2. c4 g6 3. Nc3 Bg7 4. e4 d6 5. Be2 O-O 6. Nf3 e5 7. O-O Nc6 8. d5
Ne7 9. Nd2 Ne8 10. b4 f5 11. c5 Kh8 12. a4 Ng8 13. Ba3 Ngf6 14. b5 b6 15. cxd6
cxd6 16. f3 Nh5 17. Nc4 Nf4 18. g3 Nh3+ 19. Kg2 Ng5 20. g4 Nf7 21. a5 Nf6 22.
Bc1 Rb8 23. axb6 axb6 24. Ra7 Nd7 25. Be3 1/2-1/2

[Event "Open U16 Pasqua"]
[Site "Torino ITA"]
[Date "2010.04.01"]
[Round "1"]
[White "Nastro, Federico"]
[Black "Berardi, Gianluca"]
[Result "1-0"]
[WhiteElo "1404"]
[BlackElo "1353"]
[PlyCount "61"]
[EventDate "2010.04.01"]

1. e4 c5 2. Nf3 d6 3. d4 cxd4 4. Nxd4 Nf6 5. Nc3 a6 6. Be3 e5 7. Nf3 Bg4 8. h3
Be6 9. Ng5 Be7 10. Nxe6 fxe6 11. Bc4 d5 12. exd5 b5 13. Bb3 b4 14. Ba4+ Nbd7
15. dxe6 Qa5 16. Bxd7+ Kf8 17. Ne2 b3+ 18. Bd2 Qd5 19. O-O Nxd7 20. exd7 Qxd7
21. axb3 Rd8 22. Bc3 Qb5 23. Qe1 e4 24. f3 e3 25. Nd4 Qb6 26. Qxe3 Bc5 27. Rfd1
g6 28. Qf4+ Kg7 29. Qe5+ Kh6 30. Kh1 Qd6 31. Bd2+ 1-0

[Event "Open U16 Pasqua"]
[Site "Torino ITA"]
[Date "2010.04.02"]
[Round "3"]
[White "Bargeri, Ludovico"]
[Black "Zheng, Alessio"]
[Result "0-1"]
[WhiteElo "1497"]
[BlackElo "1497"]
[PlyCount "82"]
[EventDate "2010.04.01"]

1. d4 d5 2. c4 c6 3. Nf3 Nf6 4. Nc3 e6 5. e3 Bd6 6. Qc2 O-O 7. Be2 b6 8. O-O
Bb7 9. Rd1 Nbd7 10. b3 Qe7 11. Bb2 Rfe8 12. Rac1 Rac8 13. e4 dxe4 14. Nxe4 Nxe4
15. Qxe4 Nf6 16. Qc2 c5 17. Ba3 Bxf3 18. Bxf3 cxd4 19. Bxd6 Qxd6 20. Rd3 e5 21.
Rcd1 Qc5 22. Be2 Red8 23. f3 b5 24. Qb1 bxc4 25. bxc4 e4 26. fxe4 Nxe4 27. Qb5
Qxc4 28. Qxc4 Rxc4 29. Re3 Nc3 30. Bxc4 Nxd1 31. Rf3 Rd7 32. Rb3 h6 33. Bd3 g6
34. Kf1 Nc3 35. a3 Kg7 36. Kf2 h5 37. Rb4 Nd1+ 38. Kf3 Ne3 39. h4 f6 40. Rb5
Ng4 41. Rb3 41... Re7 {...} 0-1

[Event "Open U16 Pasqua"]
[Site "Torino ITA"]
[Date "2010.04.02"]
[Round "3"]
[White "Gallo, Ivan"]
[Black "Grassi, Andrea"]
[Result "1-0"]
[WhiteElo "1485"]
[BlackElo "1476"]
[PlyCount "47"]
[EventDate "2010.04.01"]

1. e4 c5 2. Nf3 Nc6 3. c3 Nf6 4. e5 Ng4 5. d4 d6 6. Bb5 cxd4 7. cxd4 dxe5 8. d5
e4 9. dxc6 Qxd1+ 10. Kxd1 Kd8 11. Ng5 Be6 12. Bf4 bxc6 13. Bxc6 Rc8 14. Bb7 Rc4
15. Nd2 Rd4 16. Rc1 Nxf2+ 17. Ke2 Nxh1 18. Nxf7+ Bxf7 19. Rc8+ Kd7 20. Rc7+ Kd8
21. Bc6 Be6 22. Rxa7 g5 23. Bc7+ Kc8 24. Bb6 1-0

[Event "V Weekend Vittorio Alfieri A"]
[Site "Asti ITA"]
[Date "2010.04.16"]
[Round "1"]
[White "Astengo, Marcello"]
[Black "Gastaldello, Lorenzo"]
[Result "1-0"]
[WhiteElo "2104"]
[BlackElo "1857"]
[PlyCount "71"]
[EventDate "2010.04.16"]

1. d4 d5 2. c4 e6 3. Nc3 Nf6 4. cxd5 exd5 5. Bg5 c6 6. e3 Nbd7 7. Qc2 Be7 8.
Bd3 O-O 9. Nge2 Re8 10. O-O Nf8 11. f3 Be6 12. Rad1 Rc8 13. h3 N6d7 14. Bxe7
Qxe7 15. e4 Nb6 16. e5 c5 17. f4 cxd4 18. Nxd4 Qc5 19. Kh1 Nc4 20. Bxc4 Qxc4
21. Qd2 Bd7 22. Nf3 Bc6 23. b3 Qa6 24. Rfe1 Rcd8 25. Nd4 Qb6 26. f5 Qc7 27.
Ncb5 Qb8 28. Nd6 Re7 29. f6 gxf6 30. N6f5 Red7 31. Qh6 Ne6 32. exf6 Kh8 33.
Nxe6 fxe6 34. Rxe6 Rg8 35. Re7 d4 36. Qxh7# 1-0

[Event "V Weekend Vittorio Alfieri A"]
[Site "Asti ITA"]
[Date "2010.04.16"]
[Round "1"]
[White "Badano, Giancarlo"]
[Black "Salvador, Roland"]
[Result "0-1"]
[WhiteElo "1950"]
[BlackElo "2483"]
[PlyCount "69"]
[EventDate "2010.04.16"]

1. e4 c5 2. Nc3 Nc6 3. g3 Nf6 4. Bg2 e6 5. f4 d5 6. e5 d4 7. exf6 dxc3 8. fxg7
cxd2+ 9. Qxd2 Qxd2+ 10. Bxd2 Bxg7 11. Bxc6+ bxc6 12. O-O-O Rb8 13. c3 Ba6 14.
Be3 Bc4 15. h4 Bxa2 16. Bxc5 Bb3 17. Rd2 Rb5 18. Ba3 Ra5 19. Rhh2 Bf8 20. Nf3
Bxa3 21. bxa3 Bd5 22. Rb2 O-O 23. Ne5 f6 24. Ng4 Rxa3 25. Rb7 Kh8 26. Kc2 c5
27. Rb5 h5 28. Ne3 a6 29. Rb6 Ra2+ 30. Rb2 Rxb2+ 31. Kxb2 Rb8+ 32. Ka1 Be4 33.
Rb2 Rg8 34. Nf1 Bd3 35. Rf2 0-1

[Event "V Weekend Vittorio Alfieri A"]
[Site "Asti ITA"]
[Date "2010.04.16"]
[Round "1"]
[White "Bannon, Senan M.W."]
[Black "Quirico, Paolo"]
[Result "0-1"]
[WhiteElo "1869"]
[BlackElo "2167"]
[PlyCount "80"]
[EventDate "2010.04.16"]

1. e4 e6 2. Nf3 d5 3. Nc3 Nf6 4. exd5 exd5 5. d4 Nc6 6. h3 Bf5 7. Bd3 Bxd3 8.
Qxd3 Bb4 9. O-O Bxc3 10. Qxc3 O-O 11. Bg5 Qd6 12. Bxf6 Qxf6 13. Rae1 Rfe8 14.
Re3 Rxe3 15. fxe3 Qe7 16. a3 Re8 17. Kf2 f6 18. Re1 Qe6 19. Re2 Re7 20. Qc5 b6
21. Qb5 Na5 22. b3 Qd6 23. a4 Nc6 24. c4 Nb4 25. c5 bxc5 26. dxc5 Qxc5 27. Qb8+
Kf7 28. Nd4 Re8 29. Qb7 Qb6 30. Qxb6 axb6 31. Kf3 c5 32. Nf5 Rd8 33. Rd2 g6 34.
Nh6+ Ke6 35. Kf4 Nc6 36. Ng4 h5 37. Nf2 Ne5 38. g4 h4 39. e4 d4 40. Nd3 g5# 0-1

[Event "V Weekend Vittorio Alfieri A"]
[Site "Asti ITA"]
[Date "2010.04.16"]
[Round "1"]
[White "Barbero, Marco"]
[Black "Piantadosi, Angelo"]
[Result "1-0"]
[WhiteElo "1717"]
[BlackElo "1966"]
[PlyCount "65"]
[EventDate "2010.04.16"]

1. e4 c5 2. Nf3 d6 3. d4 cxd4 4. Nxd4 Nf6 5. Nc3 a6 6. Bc4 e6 7. Bb3 Be7 8. f4
Nc6 9. Be3 O-O 10. O-O Nxd4 11. Bxd4 b5 12. a3 Bb7 13. Re1 Re8 14. Qf3 Qc7 15.
Qg3 Bf8 16. Bxf6 Qc5+ 17. Kh1 Kh8 18. Bh4 Qh5 19. f5 exf5 20. exf5 Rxe1+ 21.
Rxe1 Qxf5 22. Qf2 Qg4 23. Nd5 f5 24. h3 Qh5 25. Nf4 Qh6 26. Ne6 Qh5 27. Ng5 h6
28. Bf7 g6 29. Ne6 Be4 30. Rxe4 fxe4 31. Qf6+ Kh7 32. g4 Qe5 33. Qxg6+ 1-0

[Event "V Weekend Vittorio Alfieri A"]
[Site "Asti ITA"]
[Date "2010.04.16"]
[Round "1"]
[White "Damia, Angelo"]
[Black "De Francisci, Luigi"]
[Result "1-0"]
[WhiteElo "2284"]
[BlackElo "1914"]
[PlyCount "37"]
[EventDate "2010.04.16"]

1. e4 g6 2. d4 Bg7 3. Nc3 d6 4. f4 e6 5. Nf3 Nd7 6. Be3 Ne7 7. Qd2 h6 8. Bd3 a6
9. O-O b6 10. Rae1 Bb7 11. f5 Nf6 12. e5 dxe5 13. dxe5 Ng4 14. f6 Nxf6 15. exf6
Bxf6 16. Bxh6 Nf5 17. Bxf5 gxf5 18. Qxd8+ Rxd8 19. Bf4 1-0

[Event "V Weekend Vittorio Alfieri A"]
[Site "Asti ITA"]
[Date "2010.04.16"]
[Round "1"]
[White "Del Noce, Roberto"]
[Black "Finocchiaro, Gianluca"]
[Result "0-1"]
[WhiteElo "1851"]
[BlackElo "2097"]
[PlyCount "32"]
[EventDate "2010.04.16"]

1. e4 d5 2. exd5 Qxd5 3. Nc3 Qa5 4. d4 Nf6 5. Bc4 Bg4 6. Nf3 Nc6 7. O-O O-O-O
8. Ne2 Bxf3 9. gxf3 e6 10. c3 Ne5 11. dxe5 Rxd1 12. Rxd1 Nd5 13. b4 Qb6 14.
Bxd5 exd5 15. Rxd5 Qc6 16. Rd3 Qg6+ 0-1

[Event "V Weekend Vittorio Alfieri A"]
[Site "Asti ITA"]
[Date "2010.04.16"]
[Round "1"]
[White "Forno, Roberto"]
[Black "Vuelban, Virgilio"]
[Result "0-1"]
[WhiteElo "1923"]
[BlackElo "2346"]
[PlyCount "71"]
[EventDate "2010.04.16"]

1. d4 Nf6 2. c4 e6 3. Nc3 Bb4 4. Qc2 Nc6 5. Nf3 d6 6. e3 O-O 7. Bd3 Qe7 8. O-O
Bxc3 9. Qxc3 e5 10. Nd2 d5 11. a3 Rd8 12. dxe5 Nxe5 13. Be2 c5 14. cxd5 Nxd5
15. Qc2 b6 16. Nc4 Nxc4 17. Bxc4 Bb7 18. e4 Nc7 19. f3 Rd4 20. Be3 Rxc4 21.
Qxc4 Ba6 22. Qc2 Bxf1 23. Rxf1 Rd8 24. Rd1 Ne6 25. Rxd8+ Qxd8 26. b4 h6 27. f4
Qd7 28. f5 Nd4 29. Qd2 Qd6 30. Bf4 Qxf4 31. Qxf4 Ne2+ 32. Kf2 Nxf4 33. bxc5
bxc5 34. Kf3 Nd3 35. Ke3 Ne5 36. h4 0-1

[Event "V Weekend Vittorio Alfieri A"]
[Site "Asti ITA"]
[Date "2010.04.16"]
[Round "1"]
[White "Fossati, Remigio"]
[Black "Crepaldi, Marco"]
[Result "1/2-1/2"]
[WhiteElo "2201"]
[BlackElo "1874"]
[PlyCount "72"]
[EventDate "2010.04.16"]

1. d4 Nf6 2. c4 e6 3. Nc3 Bb4 4. e3 b6 5. Nge2 Bb7 6. a3 Be7 7. Ng3 d5 8. b3
O-O 9. Bb2 Nbd7 10. Bd3 c5 11. O-O Re8 12. Rc1 Rc8 13. Qd2 g6 14. Rfd1 Bf8 15.
Be2 Bg7 16. Nb5 Qe7 17. Nxa7 Ra8 18. Nb5 Rec8 19. Nc3 Rd8 20. Qe1 Rac8 21. Rc2
Bh6 22. Bf3 Ba8 23. Qe2 Bg7 24. dxc5 dxc4 25. Bxa8 cxb3 26. Rcd2 Rxa8 27. c6
Nc5 28. Nb5 Nd5 29. Bxg7 Kxg7 30. Rd4 Rdc8 31. Qb2 Kg8 32. e4 Nf6 33. c7 Ne8
34. e5 Nxc7 35. Nd6 Rcb8 36. Qc1 Nd5 1/2-1/2

[Event "V Weekend Vittorio Alfieri A"]
[Site "Asti ITA"]
[Date "2010.04.16"]
[Round "1"]
[White "Gamba, Ezio"]
[Black "Venturino, Marco"]
[Result "0-1"]
[WhiteElo "1868"]
[BlackElo "2139"]
[PlyCount "62"]
[EventDate "2010.04.16"]

1. e4 c5 2. d4 cxd4 3. c3 Nf6 4. e5 Nd5 5. Bc4 Qc7 6. Qxd4 Nb6 7. Bb3 Nc6 8.
Qd1 Qxe5+ 9. Be3 g6 10. Nf3 Qc7 11. Na3 Bg7 12. Qd2 Ne5 13. Ng5 h6 14. Ne4 Qc6
15. f3 Nbc4 16. Nxc4 Nxc4 17. Bxc4 Qxc4 18. h4 d5 19. Ng3 b6 20. h5 g5 21. f4
gxf4 22. Bxf4 e5 23. Be3 d4 24. cxd4 exd4 25. Rh4 O-O 26. Bxd4 Bb7 27. Kf2 Rad8
28. Nf5 Bxd4+ 29. Rxd4 Rxd4 30. Qxd4 Qc2+ 31. Kg1 Qxg2# 0-1

[Event "V Weekend Vittorio Alfieri A"]
[Site "Asti ITA"]
[Date "2010.04.16"]
[Round "1"]
[White "Giudici, Alberto"]
[Black "Carfagna, Alex"]
[Result "1-0"]
[WhiteElo "1988"]
[BlackElo "1783"]
[PlyCount "73"]
[EventDate "2010.04.16"]

1. d4 d5 2. Nf3 Nf6 3. Bf4 e6 4. e3 c5 5. c3 Nc6 6. Nbd2 Be7 7. Bd3 O-O 8. Ne5
Qb6 9. Rb1 a6 10. Qf3 cxd4 11. exd4 Nxe5 12. dxe5 Ne8 13. h4 Bd7 14. h5 d4 15.
Qg3 Bc6 16. c4 Qa5 17. a3 b5 18. b4 Qd8 19. c5 a5 20. Ne4 Bxe4 21. Bxe4 Ra6 22.
Qd3 axb4 23. Bxh7+ Kh8 24. axb4 Ra2 25. Be4 f5 26. Bc6 Nc7 27. Bxb5 Nxb5 28.
Qxb5 d3 29. O-O Qd4 30. Be3 Qe4 31. Qd7 Bh4 32. Qd4 Qxd4 33. Bxd4 Rd8 34. Be3
Rd5 35. g3 Bd8 36. Rfd1 Ra8 37. Rb3 1-0

[Event "V Weekend Vittorio Alfieri A"]
[Site "Asti ITA"]
[Date "2010.04.16"]
[Round "1"]
[White "Grattarola, Fabio"]
[Black "Porzio, Massimo"]
[Result "1-0"]
[WhiteElo "2071"]
[BlackElo "1847"]
[PlyCount "77"]
[EventDate "2010.04.16"]

1. d4 Nf6 2. Nf3 d5 3. Bf4 c5 4. c3 Nc6 5. dxc5 g6 6. e3 Nh5 7. Bg5 Bg7 8. Be2
h6 9. Bh4 Nf6 10. Nbd2 O-O 11. O-O Re8 12. b4 Nd7 13. Nd4 Nf8 14. b5 Nxd4 15.
cxd4 a6 16. bxa6 bxa6 17. Rb1 Qa5 18. Rb2 e5 19. Nb3 Qa3 20. Qd2 exd4 21. exd4
a5 22. Bb5 Re4 23. Bg3 a4 24. f3 Re6 25. Nc1 Ba6 26. Bxa6 Raxa6 27. Rb8 Kh7 28.
Bf2 Re7 29. Qb4 Qxb4 30. Rxb4 Ne6 31. Re1 Rea7 32. a3 h5 33. Be3 Bh6 34. Bxh6
Kxh6 35. Re5 Rd7 36. g3 Kg7 37. Na2 Kf6 38. Re2 Ng5 39. Kf2 1-0

[Event "V Weekend Vittorio Alfieri A"]
[Site "Asti ITA"]
[Date "2010.04.16"]
[Round "1"]
[White "Lucchese, Paolo"]
[Black "Roversi, Stefano"]
[Result "0-1"]
[WhiteElo "2024"]
[BlackElo "1806"]
[PlyCount "78"]
[EventDate "2010.04.16"]

1. e4 c5 2. Nf3 Nc6 3. d4 cxd4 4. Nxd4 a6 5. Nxc6 bxc6 6. Bd3 Nf6 7. O-O e5 8.
Qe2 Be7 9. Nd2 O-O 10. Nc4 d6 11. Bd2 a5 12. a4 Be6 13. Bc3 Bg4 14. Qe1 Nh5 15.
Bxa5 Qb8 16. Bd2 Nf4 17. Bxf4 exf4 18. f3 Be6 19. b3 Bf6 20. e5 dxe5 21. Qe4 g6
22. Rae1 Bd5 23. Qe2 Re8 24. Be4 Qa7+ 25. Kh1 Bxe4 26. Qxe4 Qc5 27. Rd1 Rad8
28. Qe2 Rd4 29. Rd3 Red8 30. Rfd1 Bg7 31. Qe1 f5 32. a5 Re8 33. Nb6 Rxd3 34.
cxd3 Qb5 35. Qc3 e4 36. Qc4+ Qxc4 37. dxc4 e3 38. a6 e2 39. Re1 Bc3 0-1

[Event "V Weekend Vittorio Alfieri A"]
[Site "Asti ITA"]
[Date "2010.04.16"]
[Round "1"]
[White "Massironi, Marco"]
[Black "Di Chiara, Mauro"]
[Result "1-0"]
[WhiteElo "2148"]
[BlackElo "1868"]
[PlyCount "71"]
[EventDate "2010.04.16"]

1. e4 d6 2. d4 Nf6 3. Nc3 g6 4. f4 Bg7 5. a3 O-O 6. Nf3 c5 7. dxc5 Qa5 8. b4
Qc7 9. e5 dxe5 10. fxe5 Rd8 11. Bd3 Ng4 12. Bf4 Nc6 13. Nb5 Qb8 14. O-O Ncxe5
15. h3 Nxf3+ 16. Qxf3 e5 17. Bg5 f6 18. Bc4+ Kh8 19. hxg4 fxg5 20. Nd6 Rxd6 21.
cxd6 Qxd6 22. Rad1 Qb6+ 23. Kh1 Be6 24. Bxe6 Qxe6 25. Qxb7 Re8 26. Qd7 Qxd7 27.
Rxd7 e4 28. Re1 h5 29. gxh5 gxh5 30. c4 h4 31. c5 g4 32. c6 Bc3 33. Red1 e3 34.
Rd8 Rxd8 35. Rxd8+ Kg7 36. Re8 1-0

[Event "V Weekend Vittorio Alfieri A"]
[Site "Asti ITA"]
[Date "2010.04.16"]
[Round "1"]
[White "Monticone, Sonia"]
[Black "Almonti, Alessandro"]
[Result "0-1"]
[WhiteElo "1817"]
[BlackElo "2038"]
[PlyCount "106"]
[EventDate "2010.04.16"]

1. c4 b6 2. Nc3 e6 3. d4 Bb7 4. Nf3 f5 5. e3 Nf6 6. d5 Bb4 7. Bd2 O-O 8. Nd4
Qe7 9. Bd3 Na6 10. O-O c6 11. dxe6 dxe6 12. Qc2 Bd6 13. Nf3 Rad8 14. a3 Nc5 15.
Be2 Nce4 16. Nxe4 Nxe4 17. Bc1 c5 18. b3 Rf6 19. Bb2 Rg6 20. Be5 Bxe5 21. Nxe5
Rh6 22. Nf3 Ng5 23. Ne5 Nf7 24. Nxf7 Kxf7 25. f3 Qd6 26. h3 Qd2 27. Qxd2 Rxd2
28. Kf2 e5 29. Rfd1 Rhd6 30. Rxd2 Rxd2 31. Rd1 Rxd1 32. Bxd1 a5 33. Bc2 Kf6 34.
g4 g6 35. Bd1 f4 36. e4 Kg5 37. Be2 Bc8 38. a4 Kh4 39. Bf1 Bd7 40. Kg2 h5 41.
Kf2 Be6 42. Kg2 Bf7 43. Be2 Be6 44. Bf1 hxg4 45. fxg4 Bxg4 46. hxg4 Kxg4 47.
Be2+ Kh4 48. Kf3 g5 49. Bf1 g4+ 50. Kf2 f3 51. Bd3 Kh3 52. Bf1+ Kh2 53. Bd3 g3+
0-1

[Event "V Weekend Vittorio Alfieri A"]
[Site "Asti ITA"]
[Date "2010.04.16"]
[Round "1"]
[White "Mrdja, Milan"]
[Black "Battistelli, Alessandro"]
[Result "1-0"]
[WhiteElo "2376"]
[BlackElo "1930"]
[PlyCount "81"]
[EventDate "2010.04.16"]

1. e4 e6 2. d4 d5 3. Nc3 Nf6 4. Bg5 Be7 5. e5 Nfd7 6. Bxe7 Qxe7 7. f4 a6 8. Nf3
c5 9. Qd2 Nc6 10. dxc5 Nxc5 11. Bd3 Bd7 12. O-O b5 13. Ne2 O-O 14. Ned4 Nxd3
15. Qxd3 Nxd4 16. Nxd4 Rac8 17. Rf2 f6 18. Re1 Qb4 19. c3 Qc4 20. Qxc4 Rxc4 21.
a3 f5 22. Rf3 Kf7 23. Ree3 Rfc8 24. h3 a5 25. b3 R4c5 26. g4 g6 27. Kf2 R5c7
28. b4 a4 29. gxf5 gxf5 30. Rg3 Rg8 31. Rxg8 Kxg8 32. Rg3+ Kf7 33. Ke2 Rc8 34.
Kd3 h6 35. h4 Rg8 36. Rxg8 Kxg8 37. Ne2 Be8 38. Kd4 Kf7 39. Kc5 Ke7 40. Nd4 Kf7
41. Kd6 1-0

[Event "V Weekend Vittorio Alfieri A"]
[Site "Asti ITA"]
[Date "2010.04.16"]
[Round "1"]
[White "Naumkin, Igor"]
[Black "Manni, Stefano"]
[Result "1-0"]
[WhiteElo "2496"]
[BlackElo "1961"]
[PlyCount "27"]
[EventDate "2010.04.16"]

1. d4 d5 2. c4 c6 3. Nf3 Nf6 4. Nc3 dxc4 5. a4 Bf5 6. e3 e6 7. Bxc4 Bb4 8. O-O
O-O 9. Nh4 Ne4 10. Nxf5 exf5 11. Nxe4 fxe4 12. f3 exf3 13. Rxf3 Nd7 14. Rxf7
1-0